[Event "Goch op 15th"]
[Site "Goch"]
[Date "2004.10.02"]
[Round "4"]
[White "Fiederling, Wilfried"]
[Black "Jess, Stefan"]
[Result "1-0"]
[WhiteElo "2133"]
[BlackElo "1969"]
[PlyCount "73"]
[EventDate "2004.09.30"]
[EventType "swiss"]
[EventRounds "7"]
[EventCountry "GER"]
[SourceTitle "EXT 2006"]
[Source "ChessBase"]
[SourceDate "2005.11.24"]
[SourceVersion "1"]
[SourceVersionDate "2005.11.24"]
[SourceQuality "1"]

1. d4 c6 2. Nf3 d5 3. e3 Nf6 4. Bd3 e6 5. b3 Bd6 6. Bb2 0-0 7. Nbd2 Nbd7 8. 0-0 Re8 9. Ne5 Bf8 10. f4 g6 11. Qf3 Bg7 12. Rf2 c5 13. g4 b6 14. f5 Nf8 15. fxg6 fxg6 16. dxc5 bxc5 17. Nc6 Qc7 18. Bxf6 Qxc6 19. Bxg7 Kxg7 20. Qf7+ Kh8 21. Nf3 Qd7 22. Ne5 Qxf7 23. Rxf7 a5 24. Raf1 Kg8 25. Nc6 Bd7 26. Bb5 Kh8 27. a4 e5 28. h3 e4 29. R1f6 Be6 30. Rc7 Nd7 31. Rxe6 Rxe6 32. Rxd7 c4 33. Nd4 cxb3 34. cxb3 Rf6 35. Rxd5 Raf8 36. Be2 Rf2 37. Rxa5 1-0

[Event "Goch op 15th"]
[Site "Goch"]
[Date "2004.10.01"]
[Round "3"]
[White "Gross, Karl"]
[Black "Fiederling, Wilfried"]
[Result "1/2-1/2"]
[WhiteElo "1984"]
[BlackElo "2133"]
[PlyCount "25"]
[EventDate "2004.09.30"]
[EventType "swiss"]
[EventRounds "7"]
[EventCountry "GER"]
[SourceTitle "EXT 2006"]
[Source "ChessBase"]
[SourceDate "2005.11.24"]
[SourceVersion "1"]
[SourceVersionDate "2005.11.24"]
[SourceQuality "1"]

1. e4 c5 2. Nf3 Nc6 3. Nc3 g6 4. g3 Bg7 5. Bg2 d6 6. d3 Rb8 7. a4 Nf6 8. h3 a6 9. Be3 Qc7 10. 0-0 0-0 11. Qd2 Re8 12. Bh6 Bh8 13. Ng5 1/2-1/2

[Event "Goch op 15th"]
[Site "Goch"]
[Date "2004.09.30"]
[Round "1"]
[White "Anders, Hartmut"]
[Black "Fiederling, Wilfried"]
[Result "0-1"]
[WhiteElo "1665"]
[BlackElo "2133"]
[PlyCount "80"]
[EventDate "2004.09.30"]
[EventType "swiss"]
[EventRounds "7"]
[EventCountry "GER"]
[SourceTitle "EXT 2006"]
[Source "ChessBase"]
[SourceDate "2005.11.24"]
[SourceVersion "1"]
[SourceVersionDate "2005.11.24"]
[SourceQuality "1"]

1. d4 Nf6 2. Nf3 c5 3. e3 g6 4. c3 Bg7 5. Nbd2 d6 6. Bd3 0-0 7. 0-0 Nc6 8. Re1 a6 9. a4 Rb8 10. Qe2 Re8 11. Qf1 Nd7 12. d5 Nce5 13. Bc2 b5 14. axb5 axb5 15. e4 Qc7 16. Nxe5 Nxe5 17. f4 Ng4 18. Nf3 Bd7 19. h3 Nf6 20. Bd2 e6 21. dxe6 Bxe6 22. e5 Nd7 23. exd6 Qxd6 24. Ng5 Qxd2 25. Re2 Qd6 26. Rd1 Qc6 27. Rde1 Nf8 28. Nxe6 Rxe6 29. Rxe6 Nxe6 30. f5 Nf8 31. Re7 Qf6 32. Ra7 c4 33. Kh1 Re8 34. Ra1 gxf5 35. Qf3 Qh4 36. Rf1 f4 37. Be4 Ng6 38. Bf5 Qg5 39. Bd7 Rd8 40. Qe4 Rxd7 0-1

[Event "Goch op 14th"]
[Site "Goch"]
[Date "2003.??.??"]
[Round "7"]
[White "Hintze, Helge"]
[Black "Fiederling, Wilfried"]
[Result "0-1"]
[WhiteElo "2290"]
[BlackElo "2130"]
[PlyCount "56"]
[EventDate "2003.10.02"]
[EventType "swiss"]
[EventRounds "7"]
[EventCountry "GER"]
[SourceTitle "EXT 2006"]
[Source "ChessBase"]
[SourceDate "2005.11.24"]
[SourceVersion "1"]
[SourceVersionDate "2005.11.24"]
[SourceQuality "1"]

1. c4 e5 2. Nc3 d6 3. d4 exd4 4. Qxd4 Nc6 5. Qd2 Nf6 6. e4 Be7 7. Bd3 Ne5 8. Nge2 c6 9. b3 0-0 10. Bc2 a6 11. a4 a5 12. h3 Qc7 13. f4 Ng6 14. 0-0 Rd8 15. Bb2 d5 16. cxd5 cxd5 17. Nb5 dxe4 18. Nxc7 Rxd2 19. Nxa8 Rxe2 20. Rac1 Bd7 21. Bxf6 gxf6 22. Rfe1 Nxf4 23. Bxe4 Bb4 24. Red1 Rxe4 25. Rc7 Bc6 26. Rd8+ Kg7 27. Rcc8 Re2 28. Nc7 Bc5+ 0-1

[Event "Goch op 12th"]
[Site "Goch"]
[Date "2001.10.21"]
[Round "6"]
[White "Fiederling, Wilfried"]
[Black "Jacobs, Johan"]
[Result "1/2-1/2"]
[WhiteElo "2185"]
[BlackElo "1920"]
[PlyCount "27"]
[EventDate "2001.10.18"]
[EventType "swiss"]
[EventRounds "7"]
[EventCountry "GER"]
[SourceTitle "EXT 2004"]
[Source "ChessBase"]
[SourceDate "2003.11.25"]
[SourceVersion "1"]
[SourceVersionDate "2003.11.25"]
[SourceQuality "1"]

1. d4 Nf6 2. Nf3 g6 3. Nc3 d5 4. Bf4 Bg7 5. e3 Bf5 6. h3 c6 7. Be2 0-0 8. 0-0 Nbd7 9. g4 Be6 10. Ng5 Ne8 11. Bg3 Nd6 12. Qd2 Nf6 13. Nxe6 fxe6 14. f3 1/2-1/2

[Event "Goch op 10th"]
[Site "Goch"]
[Date "1999.10.17"]
[Round "6.22"]
[White "Springer, Artur"]
[Black "Fiederling, Wilfried"]
[Result "1/2-1/2"]
[WhiteElo "2170"]
[BlackElo "2080"]
[PlyCount "42"]
[EventDate "1999.10.14"]
[EventType "swiss"]
[EventRounds "7"]
[EventCountry "GER"]
[SourceTitle "EXT 2002"]
[Source "ChessBase"]
[SourceDate "2001.11.25"]
[SourceVersion "1"]
[SourceVersionDate "2001.11.25"]
[SourceQuality "1"]

1. d4 d6 2. Nf3 Bg4 3. e4 Nd7 4. Be2 Bxf3 5. Bxf3 e5 6. c3 Ngf6 7. 0-0 Be7 8. Re1 0-0 9. Nd2 Ne8 10. Nf1 Bg5 11. Ng3 g6 12. Ne2 Ng7 13. g3 a5 14. Bg2 a4 15. Bxg5 Qxg5 16. f4 exf4 17. gxf4 Qh4 18. Rf1 Nf6 19. Qe1 Qg4 20. h3 Qd7 21. Ng3 Ra6 1/2-1/2

[Event "Goch op 10th"]
[Site "Goch"]
[Date "1999.10.15"]
[Round "2.7"]
[White "Stillger, Bernhard"]
[Black "Fiederling, Wilfried"]
[Result "1-0"]
[WhiteElo "2374"]
[BlackElo "2080"]
[PlyCount "53"]
[EventDate "1999.10.14"]
[EventType "swiss"]
[EventRounds "7"]
[EventCountry "GER"]
[SourceTitle "EXT 2002"]
[Source "ChessBase"]
[SourceDate "2001.11.25"]
[SourceVersion "1"]
[SourceVersionDate "2001.11.25"]
[SourceQuality "1"]

1. e4 c5 2. Nf3 Nc6 3. Bb5 g6 4. 0-0 Bg7 5. Re1 e6 6. Bxc6 dxc6 7. e5 Ne7 8. Nc3 Qc7 9. d3 Bd7 10. Ne4 Bxe5 11. Nxe5 Qxe5 12. Bg5 Qc7 13. Nf6+ Kd8 14. Qf3 h6 15. Bh4 Be8 16. Ne4 b6 17. d4 c4 18. Qf6 Rh7 19. Bg3 Qb7 20. b3 cxb3 21. axb3 a5 22. c4 a4 23. Nd6 Qd7 24. b4 a3 25. d5 cxd5 26. cxd5 a2 27. Nc4 1-0

[Event "Duisburg op 6th"]
[Site "Duisburg"]
[Date "1999.??.??"]
[Round "6"]
[White "Fiederling, Wilfried"]
[Black "Kern, Guido"]
[Result "0-1"]
[WhiteElo "2046"]
[BlackElo "2390"]
[PlyCount "58"]
[EventDate "1999.05.21"]
[EventType "swiss"]
[EventRounds "7"]
[EventCountry "GER"]
[SourceTitle "EXT 2004"]
[Source "ChessBase"]
[SourceDate "2003.11.25"]
[SourceVersion "1"]
[SourceVersionDate "2003.11.25"]
[SourceQuality "1"]

1. d4 e6 2. Nf3 c5 3. e3 Nf6 4. Bd3 b6 5. 0-0 Bb7 6. Nbd2 cxd4 7. exd4 g6 8. c3 Bg7 9. Qe2 0-0 10. Re1 Qc7 11. Nf1 Nd5 12. Ng3 Nc6 13. Ne5 Rae8 14. a4 Nb8 15. Bd2 d6 16. Nc4 f5 17. Na3 a6 18. c4 Nf6 19. Bc3 Nbd7 20. b4 e5 21. Qb2 exd4 22. Bxd4 Ne5 23. Bf1 f4 24. Nh1 Ne4 25. f3 Ng5 26. Red1 Ngxf3+ 27. gxf3 Nxf3+ 28. Kf2 Qe7 29. Nc2 Qh4+ 0-1

[Event "Duisburg op 6th"]
[Site "Duisburg"]
[Date "1999.??.??"]
[Round "3"]
[White "Fiederling, Wilfried"]
[Black "Pramann, Juergen"]
[Result "1-0"]
[WhiteElo "2046"]
[BlackElo "1781"]
[PlyCount "85"]
[EventDate "1999.05.21"]
[EventType "swiss"]
[EventRounds "7"]
[EventCountry "GER"]
[SourceTitle "EXT 2004"]
[Source "ChessBase"]
[SourceDate "2003.11.25"]
[SourceVersion "1"]
[SourceVersionDate "2003.11.25"]
[SourceQuality "1"]

1. d4 d5 2. Nf3 c5 3. e3 Nc6 4. b3 Nf6 5. Bb2 h6 6. Bd3 e6 7. Nbd2 Bd6 8. 0-0 0-0 9. a3 a6 10. Ne5 Nd7 11. f4 cxd4 12. exd4 f6 13. Ng6 Re8 14. Qf3 Nf8 15. b4 Ne7 16. Nxe7+ Qxe7 17. c4 dxc4 18. Nxc4 Bc7 19. Rac1 Rb8 20. Rfe1 b5 21. Nd2 Bb7 22. Be4 Bb6 23. Nb3 e5 24. Bxb7 Qxb7 25. Qxb7 Rxb7 26. fxe5 fxe5 27. Nc5 Rbe7 28. Rxe5 Rxe5 29. dxe5 Nd7 30. Kf1 Nxe5 31. Bxe5 Rxe5 32. Kf2 Kf7 33. Kf3 a5 34. Ne4 g5 35. Rc6 Bd4 36. bxa5 Rf5+ 37. Ke2 Kg7 38. Rc7+ Kg6 39. a6 Re5 40. Kd3 Rd5 41. Rc6+ Kh7 42. Rd6 Rxd6 43. Nxd6 1-0

[Event "Duisburg op 6th"]
[Site "Duisburg"]
[Date "1999.??.??"]
[Round "5"]
[White "Koscielski, Janusch"]
[Black "Fiederling, Wilfried"]
[Result "1/2-1/2"]
[WhiteElo "2344"]
[BlackElo "2046"]
[PlyCount "76"]
[EventDate "1999.05.21"]
[EventType "swiss"]
[EventRounds "7"]
[EventCountry "GER"]
[SourceTitle "EXT 2004"]
[Source "ChessBase"]
[SourceDate "2003.11.25"]
[SourceVersion "1"]
[SourceVersionDate "2003.11.25"]
[SourceQuality "1"]

1. e4 c5 2. Nf3 Nc6 3. d4 cxd4 4. Nxd4 g6 5. c4 Nf6 6. Nc3 d6 7. Be2 Nxd4 8. Qxd4 Bg7 9. Bg5 0-0 10. Qd2 Be6 11. 0-0 Qa5 12. Rac1 Rfc8 13. b3 a6 14. Bf3 Rab8 15. a4 b5 16. axb5 axb5 17. Nxb5 Qxd2 18. Bxd2 Bd7 19. Bf4 Bxb5 20. cxb5 Rxc1 21. Rxc1 h6 22. Rc4 Rxb5 23. b4 g5 24. Be3 Nd7 25. Be2 Rb7 26. Rc8+ Kh7 27. b5 Bb2 28. g3 Kg7 29. Kg2 Ba3 30. Bd4+ e5 31. Be3 Bc5 32. Bxc5 Nxc5 33. f3 Ne6 34. Kf2 Nd4 35. Rd8 Nxe2 36. Kxe2 Rxb5 37. Rxd6 Rb2+ 38. Rd2 Rb3 1/2-1/2

[Event "Goch op 07th"]
[Site "Goch"]
[Date "1996.10.20"]
[Round "6"]
[White "Fiederling, Wilfried"]
[Black "Swemers, Christian"]
[Result "1/2-1/2"]
[WhiteElo "2087"]
[BlackElo "1909"]
[PlyCount "69"]
[EventDate "1996.10.17"]
[EventType "swiss"]
[EventRounds "7"]
[EventCountry "GER"]
[SourceTitle "EXT 2000"]
[Source "ChessBase"]
[SourceDate "1999.11.16"]
[SourceVersion "1"]
[SourceVersionDate "1999.11.16"]
[SourceQuality "1"]

1. d4 e6 2. c4 b6 3. e4 Bb7 4. Qc2 Qh4 5. Bd3 f5 6. g3 Qh5 7. Be3 Nf6 8. f3 fxe4 9. Bxe4 Nxe4 10. fxe4 Qg6 11. Nd2 Bb4 12. d5 exd5 13. cxd5 Bxd5 14. Qxc7 Bxe4 15. Ngf3 Bxd2+ 16. Bxd2 Bxf3 17. 0-0 0-0 18. Bb4 Qc6 19. Qe5 Na6 20. Bxf8 Rxf8 21. Rac1 Qe6 22. Qc3 Qd5 23. b4 Nb8 24. b5 d6 25. Rf2 Nd7 26. Qc6 Ne5 27. Qxd5+ Bxd5 28. Rxf8+ Kxf8 29. Rc8+ Ke7 30. Rc7+ Nd7 31. Rxa7 Bc4 32. a4 Ke6 33. Kf2 h5 34. Ke3 g6 35. Kd4 1/2-1/2

[Event "Goch op 05th"]
[Site "Goch"]
[Date "1994.??.??"]
[Round "4"]
[White "Pioch, Thomas"]
[Black "Fiederling, Wilfried"]
[Result "1-0"]
[WhiteElo "2165"]
[BlackElo "2030"]
[PlyCount "79"]
[EventDate "1994.10.??"]
[EventType "swiss"]
[EventRounds "7"]
[EventCountry "GER"]
[SourceTitle "EXT 1998"]
[Source "ChessBase"]
[SourceDate "1997.11.17"]
[SourceVersion "1"]
[SourceVersionDate "1997.11.17"]
[SourceQuality "1"]

1. e4 c6 2. d4 d5 3. Nc3 dxe4 4. Nxe4 Nf6 5. Nxf6+ gxf6 6. Bc4 Bf5 7. Ne2 e6 8. c3 Bd6 9. Bf4 Qc7 10. Bxd6 Qxd6 11. Qd2 Nd7 12. 0-0 0-0-0 13. Ng3 Bg6 14. Rfe1 f5 15. Rad1 Nf6 16. f3 h5 17. Ne2 e5 18. Qe3 Rhe8 19. dxe5 Qxd1 20. Rxd1 Rxd1+ 21. Kf2 Nd5 22. Bxd5 Rxd5 23. Qxa7 Rdxe5 24. Nf4 Rd8 25. Kg3 Rb5 26. b3 Kc7 27. c4 Re5 28. h4 Rd2 29. Nd5+ Rexd5 30. cxd5 Rxd5 31. Kf4 Rb5 32. g3 Rd5 33. a4 c5 34. a5 Rd4+ 35. Ke5 Rd6 36. Qxc5+ Rc6 37. Qe7+ Kb8 38. Kd5 Re6 39. Qd8+ Ka7 40. b4 1-0